01527nam a2200325 u 450000100070000000500170000700800410002403500110006504000130007604100080008908000060009710000460010324500810014926000430023030000140027352004430028765000180073065000320074865000330078065000440081365000380085765000400089570000460093570000490098194200100103099900190104050200120105952600080107195201220107995168420260506155848.0051025s1999 ||||||m| spa  a951684 ccomduadb aspa aD10aRincon A., Maria Ursula4auteaut940890513aEl educador especial : una nueva alternativa en procesos de rehabilitación aMedellín :b[sin publicador],c1999. a171 hojas3 aDiseñar y aplicar una propuesta de intervención pedagógica al interior del Proyecto Prevocacional del Centro de Servicios Pedagógicos de la Facultad de Educación de Universidad de Antioquia con jóvenes entre 12 y 16 años limitados sensoriales con déficits asociados que contribuya a la exploración, desarrollo y afianzamiento de sus habilidades y potencialidades cognitivas, motoras, socio-afectivas y socio-familiares.  aCiegos916430 aSordos - Educación978729 aInterdisciplinariedad930749 aRehabilitacion de discapacitados917603 aRetardo mental en niños9173734 aLicenciatura en Educación918108810aZuluaga G., Merly Maria4auteaut954827510aZuluaga R., Doris Patricia4auteaut9408906 cTESIS c369314d369314 b145c15 a147 001040708GENERALaCEDEDbCEDEDd2005-10-25iC886295l0oD/0094p0590865r2023-04-26 00:00:00t1w2023-04-26yTESIS